000 01424cam a22004574i 4500
003 PE-LiUPU
005 20250731184524.0
008 150616s r 000 0 d
035 _a(Sirsi) a1889
040 _aPE-LiUPU
_bspa
_cPE-LiUPU
_erda
049 _aPRUA
082 0 4 _a949.5
_bL76
_221
100 1 _aLivingtone, Richard,
_eautor.
245 1 3 _aEl legado de Grecia /
_cRichard Livingtone.
264 1 _aMadrid :
_bEdiciones Pegaso,
_c1947.
300 _a566 páginas ;
_c17 cm
336 _atext
_2rdacontent
337 _aunmediated
_2rdamedia
338 _avolume
_2rdacarrier
505 0 _aCiencias naturales -- Medicina -- Arte -- Arquitectura.
526 _aP136
526 _aP135
526 _aP134
526 _aP133
526 _aP144
526 _aP143
526 _aP87
526 _aP35
526 _aP20
526 _aP14
526 _aP10
526 _aP06
651 _aGrecia
_xHistorias.
910 _ajck
_bjvq
_cjck
942 _2ddc
_cBOOK
949 _a949.5 L76
_wDEWEY
_c1
_i07410
_lCCODEBUL1
_mBUL
_p00.00
_r0
_sY
_tBOOK
_u2015-04-23
_xEDUCACION
_PP20
_0COMPRA
_o.STAFF. Colección General
994 _aC0
_bPEPRU
596 _a1
999 _a949.5 L76
_wDEWEY
_c18631
_i07410
_f2021-11-8
_g5
_lCCODEBUL1
_mBUL
_r0
_sY
_tBOOK
_u2015-4-23
_xBIBLIOTECA
_PP20
_0COMPRA
_o.STAFF. Colección General
_d18631
980 _81
_gALBERTO SANCHEZ Responsable de Automatización